Statistiques concernant Villes du monde par emojis #2 - Cliquez

Cliquez ici pour prendre le quiz!

Statistiques générales

  • Ce quiz a été pris 252 fois
  • Le résultat moyen est 12 sur 15

Statistiques - réponses

HintRéponse% Correct
🗽🚕🌆New York
98%
🗼🥐🥖Paris
96%
🏛️🏺🏛️Athènes
95%
🍁🗼🏒Toronto
90%
🥨🍺🏟️Münich
88%
🌋🍕🇮🇹Naples
88%
🕌🛺🇮🇳New Delhi
88%
🌉🚋🧑‍💻San Francisco
81%
👑🐂🥘Madrid
78%
🫔🐲🏙️Shanghai
77%
🇶🇦🕌👳Doha
73%
🇮🇩💶🚤Monaco
71%
🧉💃🥩Buenos Aires
62%
🐉🏰🇸🇮Ljubljana
56%
⚽️🧱⛴️Manchester
55%

Distribution des résultats

Percentile par nombre de réponses

% des personnes avec chaque résultat

Votre développement - résultats

Vous n’avez pas pris ce quiz